Normal view
MARC view
- Jackson, Philip C.
Entry Personal Name
001 - CONTROL NUMBER
- control field: 94031
003 - CONTROL NUMBER IDENTIFIER
- control field: NUST
005 - DATE AND TIME OF LATEST TRANSACTION
- control field: 20220720121247.0
008 - FIXED-LENGTH DATA ELEMENTS
- fixed length control field: 220720|| aca||aabn | a|a d
040 ## - CATALOGING SOURCE
- Original cataloging agency: NUST
- Transcribing agency: NUST
100 ## - HEADING--PERSONAL NAME
- Personal name: Jackson, Philip C.
670 ## - SOURCE DATA FOUND
- Source citation: Work cat.: (NUST)218163: Jackson, Philip C.,, Introduction to artificial intelligence /, 1985.
